Comedy and society from congreve to fielding / (Record no. 336152)
[ view plain ]
| 000 -LEADER | |
|---|---|
| fixed length control field | 00393cam a2200145ua 4500 |
| 041 ## - LANGUAGE CODE | |
| Language code of text/sound track or separate title | eng |
| Language code of original | |
| 082 ## - DEWEY DECIMAL CLASSIFICATION NUMBER | |
| Classification number | 828.09 |
| Item number | LOF/CO |
| 100 ## - MAIN ENTRY--PERSONAL NAME | |
| Personal name | Loftis, John . |
| 245 ## - TITLE STATEMENT | |
| Title | Comedy and society from congreve to fielding / |
| Statement of responsibility, etc. | John Lottis. |
| Medium | Textual Documents |
| 260 ## - PUBLICATION, DISTRIBUTION, ETC. (IMPRINT) | |
| Place of publication, distribution, etc. | California : |
| Name of publisher, distributor, etc. | Stanford University Press , |
| Date of publication, distribution, etc. | 1960. |
| 300 ## - PHYSICAL DESCRIPTION | |
| Extent | 154 ; . |
| 504 ## - BIBLIOGRAPHY, ETC. NOTE | |
| Bibliography, etc | |
| 942 ## - ADDED ENTRY ELEMENTS (KOHA) | |
| Koha item type | Books (General) |
No items available.
